000 00419nam a2200181Ia 4500
001 3352
005 20260306145637.0
008 260306t1998||||xx |||||||||||||| ||spa||
041 _aESP
082 _a270
_bM44
100 _aMessori, Vittorio
_eAUT
245 0 _aLeyendas negras de la iglesia
260 _c1998
300 _a267 páginas :
_c21 cm.
650 _aGEN
654 _aCHU
942 _cLIB
_dJUS
_fJUS
_2ddc
_n
999 _c3352
_d3352